000 00961nam a22002177a 4500
999 _c28788
_d28788
003 BDDh-ASL
005 20231015030953.0
008 200907b2001 bg ||||| |||| 001 0 b d
040 _aBDDh-ASL
_cBDDh-ASL
_dBDDh-ASL
041 _abengali
082 _a079.5492
_bISB
100 1 _aইসলাম, কাজী জাফরুল
_96265
245 1 _aব্রিটিশযুগে বাংলাদেশের সংবাদ ও সাময়িকী :
_b১৮৪৭-১৯৪৭ /
246 _aBrithsh Yuge Bangladesher Sangbad-Samayiki
260 _aঢাকা:
_bঅনুপম প্রকাশনী,
_c২০০১।
300 1 _a১৮৮ পৃষ্ঠা
_c২২ সে.মি.
504 _aগ্রন্থপঞ্জি ও নির্ঘন্ট সংযুক্ত
650 0 _9576
_aসাময়িকপত্র
_xসংবাদপত্র
651 0 _9615
_aবাংলাদেশ
942 _2ddc
_cBK